000 00644nam a2200229Ia 4500
003 OSt
005 20220928124622.0
006 a|||||r|||| 00| 0
007 ta
008 220927b |||||||| |||| 00| 0 eng d
024 _a94076
037 _cTextual
040 _aSDCL
_cSDCL
_beng
041 _2eng
_aeng
082 _aV73y7L43, M7
100 _aCunningham Noblee
_9466535
245 0 _aIn pursuit of reason
_b The life of Thomas Jefferson
260 _aNew Delhi
_bAffiliated East-West Press
_c1987
300 _axvi,414p
_ccm.
942 _hV73y7L43, M7
_cTEXL
_2CC
999 _c779369
_d779369